Gods Must Have Cursed Hindus: (Record no. 183735)

MARC details
000 -LEADER
fixed length control field 00582nam a22001817a 4500
005 - DATE AND TIME OF LATEST TRANSACTION
control field 20220103162003.0
010 ## - LCCN (DPL NO)
LC control number ENG-130875
020 ## - INTERNATIONAL STANDARD BOOK NUMBER
International Standard Book Number 978-81-949640-4-9
Terms of availability 595.00
035 ## - SYSTEM CONTROL NUMBER
System control number EN-114407
037 ## - SOURCE OF ACQUISITION
Source of stock number/acquisition DBAD
082 ## - DEWEY DECIMAL CLASSIFICATION NUMBER
Classification number 230
100 ## - MAIN ENTRY--PERSONAL NAME
Personal name Kapur, Subhash
245 ## - TITLE STATEMENT
Title Gods Must Have Cursed Hindus:
Statement of responsibility, etc Subhash Kapur, Bhawna Gola
Remainder of title One Thousand Years Of Darkness/
260 ## - PUBLICATION, DISTRIBUTION, ETC. (IMPRINT)
Place of publication, distribution, etc Delhi
Name of publisher, distributor, etc Renu Kaul Verma
Date of publication, distribution, etc 2022
270 ## - ADDRESS
City New Delhi
Postal code 110002
Address 2/15, Ansari Road, Daryaganj
Electronic mail address info@vistapublishing.com
300 ## - PHYSICAL DESCRIPTION
Extent 279p
Dimensions 22cm(hbk)
942 ## - ADDED ENTRY ELEMENTS (KOHA)
Source of classification or shelving scheme Dewey Decimal Classification
Item type English Books
Classification part 230
Call number suffix KAP
Holdings
Withdrawn status Lost status Not for loan Collection code Home library Current library Date acquired Source of acquisition Cost, normal purchase price Full call number Barcode Copy number Cost, replacement price Koha item type
      Non-fiction Mobile Library Mobile Library 03/01/2022 DBAD/PUB 595.00 230 KAP EN-114407 1 595.00 English Books

© Delhi Public Library
Hit Counter
free hit counter